Wskazniky techniczne i ekonomiczne wyposazenia osiedli mieszkaniowych w siec cieplna Na przykladzie wybranych miast
Salvato in:
| Autore principale: | |
|---|---|
| Natura: | Libro |
| Lingua: | polacco |
| Pubblicazione: |
Warszawa
Instytut Ksztaltowania Srodowiska
1986
|
| Edizione: | 1. wyd. |
| Tags: |
Nessun Tag, puoi essere il primo ad aggiungerne!!
|
MARC
| LEADER | 00000nam a2200000 4500 | ||
|---|---|---|---|
| 001 | c025467 | ||
| 005 | 20221207072927.1 | ||
| 041 | 0 | |a pol | |
| 044 | |a PL | ||
| 245 | 1 | 0 | |a Wskazniky techniczne i ekonomiczne wyposazenia osiedli mieszkaniowych w siec cieplna |b Na przykladzie wybranych miast |c Halina Brzozowska-Starczewska |
| 250 | |a 1. wyd. | ||
| 264 | 1 | |a Warszawa |b Instytut Ksztaltowania Srodowiska |c 1986 | |
| 300 | |a 76 s. | ||
| 100 | 1 | |a Brzozowska-Starczewska, Halina | |